000 01258nam a22002897a 4500
005 20170331082604.0
008 130821s2004 xxuab gr eng
020 _a0195126211
020 _a0195175409
_cv.1
020 _a0195175417
_cv.2
020 _a0195175425
_cv.3
040 _aCo-BoUCM
_bspa
_cDavid Avila (modificó)
_d[Nuevo]
041 0 0 _aeng
245 0 0 _aLiterary cultures of Latin America a comparative history
_cMario J. Valdés y Djelal Kadir, editores.
260 _aNueva York (Estados Unidos)
_bOxford University Press
_c2004
300 _a3 volúmenes
_bilustraciones, mapas
505 0 _av. 1 Configurations of literary culture -- v. 2 Institutional modes and cultural modalities -- v. 3 Latin American literary culture.
650 0 4 _aLiteratura latinoamericana
_xHistoria y crítica
_918701
650 0 4 _aLiteratura y sociedad
_918700
_zAmérica latina
690 0 _aLiteratura
_918599
700 1 _aKadir, Djelal.
_984955
700 1 _aValdés, Mario J.
_984956
856 4 1 _3Contenido
_uhttp://www.loc.gov/catdir/toc/ecip0412/2003027353.html
856 4 2 _3Publicador
_uhttp://www.loc.gov/catdir/enhancements/fy0614/2003027353-d.html
942 _cLIBRO
_a18
_e1
_mL776
_2DEWEY
_h860.998
999 _c88345
_d88345